Statistics for Countries with the Most Species

Click here to take the quiz!

General Stats

  • This quiz has been taken 36,627 times
    (36,565 since last reset)
  • The average score is 15 of 20

Answer Stats

# Species Country % Correct
59,851Brazil
98%
21,474United States
97%
34,687China
95%
17,974Australia
93%
12,468Russia
92%
21,020India
90%
28,836Mexico
87%
32,680Indonesia
84%
20,081Peru
82%
54,649Colombia
81%
25,052South Africa
76%
23,429Venezuela
75%
13,107Dem. Rep. of the Congo
74%
22,065Ecuador
68%
13,340Thailand
68%
19,561Bolivia
67%
12,034Vietnam
66%
17,171Malaysia
65%
13,115Papua New Guinea
47%
13,630Costa Rica
44%

Score Distribution

Percentile by Number Answered

Percent of People with Each Score

Your Score History

You have not taken this quiz since the last reset